ბათუმის შოთა რუსთაველის სახელმწიფო უნივერსიტეტის ბიბლიოთეკა

Теория ипрактика зеленого удобрения (ბიბ.ჩანაწერი № 45989)

000 -LEADER
fixed length control field 00643nam a2200205Ia 4500
001 - CONTROL NUMBER
control field 12818
003 - CONTROL NUMBER IDENTIFIER
control field GE_BSU
008 - FIXED-LENGTH DATA ELEMENTS--GENERAL INFORMATION
fixed length control field 181216s||||||||xx |||||||||||||| ||und||
040 ## - CATALOGING SOURCE
Transcribing agency GE_BSU
080 ## - UNIVERSAL DECIMAL CLASSIFICATION NUMBER
Universal Decimal Classification number 631.8
100 ## - MAIN ENTRY--PERSONAL NAME
Personal name Алексеев,Е.И.
245 ## - TITLE STATEMENT
Title Теория ипрактика зеленого удобрения
245 ## - TITLE STATEMENT
Remainder of title Руков-во для агрономов нечерноземной полосы
260 ## - PUBLICATION, DISTRIBUTION, ETC.
Place of publication, distribution, etc. Москва
260 ## - PUBLICATION, DISTRIBUTION, ETC.
Name of publisher, distributor, etc. Сельхозгиз
260 ## - PUBLICATION, DISTRIBUTION, ETC.
Date of publication, distribution, etc. 1936
300 ## - PHYSICAL DESCRIPTION
Extent 336стр.илл.20см.
653 ## - INDEX TERM--UNCONTROLLED
Uncontrolled term Теория ипрактика зеленого удобрения
942 ## - ADDED ENTRY ELEMENTS (KOHA)
Koha item type წიგნი
ეგზემპლარები
Withdrawn status Lost status Damaged status Not for loan Date acquired Barcode Date last seen Price effective from Koha item type
        2018-12-17 21026 2018-12-17 2018-12-17 წიგნი